Statistiques concernant Géographie générale d'Asie

Cliquez ici pour prendre le quiz!

Statistiques générales

  • Ce quiz a été pris 290 fois
  • Le résultat moyen est 13 sur 20

Statistiques - réponses

QuestionRéponse% Correct
Quelles sont les deux plus grandes villes des Emirats Arabes Unis ?Dubaï
83%
Quelle île peut-on trouver entre la mer de Chine orientale et la mer de Chine méridionale ?Taïwan
83%
Quelles sont les deux plus grandes villes des Emirats Arabes Unis ?Abou Dabi
81%
Quel territoire britannique a été rétrocédé à la Chine en 1997 ?Hong Kong
76%
Quel pays était autrefois colonisé sous le nom "d'Indes Néerlandaises" ?L'Indonésie
75%
Que signifie le suffixe "stan" en persan ?Un lieu | Un pays
74%
Quel détroit sépare la Russie de l'Alaska ?Le détroit de Béring
73%
Quelle est la religion la plus pratiquée en Inde ?L'Hindouisme
73%
Quel est le deuxième plus grand groupe ethnique en Turquie, après les turcs ?Les Kurdes
72%
Quel pays prend la forme d'une larme ?Le Sri Lanka
72%
Quel symbole apparaît sur le drapeau israélien ?L'étoile de David
71%
Quel lac russe contient 20% de l'eau douce du monde ?Le lac Baïkal
70%
Quel est l'animal national de la Thaïlande ?L'éléphant
59%
Quel était le nom colonial d'Hô-Chi-Minh Ville ?Saïgon
57%
Quel titre porte le chef d'Etat du Brunei ?Sultan du Brunei
57%
Quelle est la plus grande ville russe située sur la côte pacifique ?Vladivostok
56%
Quel fleuve possède le bassin versant le plus peuplé au monde ?Gange
55%
Quel est le nom donné à la péninsule égyptienne se trouvant en Asie ?Le Sinaï
52%
Quelle ville libanaise porte le nom d'une capitale africaine ?Tripoli
37%
Quelle étendue d'eau peut-on trouver entre l'Inde et la Birmanie ?Le golfe du Bengale
33%

Distribution des résultats

Percentile par nombre de réponses

% des personnes avec chaque résultat

Votre développement - résultats

Vous n’avez pas pris ce quiz